000 00719nam a2200229 i 4500
001 10377
003 ES-MaACL
005 20230906145857.0
007 t|
008 950529s1995 sp ||||1| spa d
020 _a84-206-9413-4
080 _a396:176
080 _a176:396
100 1 _aSánchez Ortega, María Helena.
_9102820
245 1 0 _aPecadoras de verano, arrepentidas en invierno
_b: el camino de la conversión femenina /
_cMaría Helena Sánchez Ortega.
260 _aMadrid :
_bAlianza,
_cD.L. 1995.
300 _a378 p. :
_b6 p. de il. ;
_c22 cm.
500 _aIndices.
504 _aBibliogr. p. 363-372.
650 1 4 _aMujeres-
_xConducta moral.
_915258
852 _aES-MaACL
_jL-17868
_bR.123872
999 _c10377
_d10377